| 000 -LEADER |
| fixed length control field |
01458mam a22003254a 4500 |
| 001 - CONTROL NUMBER |
| control field |
3036254 |
| 003 - CONTROL NUMBER IDENTIFIER |
| control field |
OSt |
| 005 - DATE AND TIME OF LATEST TRANSACTION |
| control field |
20170109124527.0 |
| 008 - FIXED-LENGTH DATA ELEMENTS--GENERAL INFORMATION |
| fixed length control field |
990715s2000 maua 001 0 eng |
| 010 ## - LIBRARY OF CONGRESS CONTROL NUMBER |
| LC control number |
99039661 |
| 015 ## - NATIONAL BIBLIOGRAPHY NUMBER |
| National bibliography number |
GBA0-54863 |
| 020 ## - INTERNATIONAL STANDARD BOOK NUMBER |
| International Standard Book Number |
0070285942 |
| 020 ## - INTERNATIONAL STANDARD BOOK NUMBER |
| International Standard Book Number |
0071161716 |
| 035 ## - SYSTEM CONTROL NUMBER |
| System control number |
(OCoLC)ocm41932585 |
| 040 ## - CATALOGING SOURCE |
| Original cataloging agency |
DLC |
| Transcribing agency |
DLC |
| Modifying agency |
UKM |
| -- |
OrLoB-B |
| 042 ## - AUTHENTICATION CODE |
| Authentication code |
pcc |
| 050 00 - LIBRARY OF CONGRESS CALL NUMBER |
| Classification number |
TA405 |
| Item number |
.C859 2000 |
| 082 00 - DEWEY DECIMAL CLASSIFICATION NUMBER |
| Classification number |
620.1/1292 |
| Edition number |
21 |
| 100 1# - MAIN ENTRY--PERSONAL NAME |
| Personal name |
Courtney, Thomas H. |
| 245 10 - TITLE STATEMENT |
| Title |
Mechanical Behavior of Materials / |
| Statement of responsibility, etc. |
Thomas H. Courtney. |
| 250 ## - EDITION STATEMENT |
| Edition statement |
2nd ed. |
| 260 ## - PUBLICATION, DISTRIBUTION, ETC. |
| Place of publication, distribution, etc. |
Boston : |
| Name of publisher, distributor, etc. |
McGraw Hill, |
| Date of publication, distribution, etc. |
2000. |
| 300 ## - PHYSICAL DESCRIPTION |
| Extent |
xviii, 733 p. : |
| Other physical details |
ill. ; |
| Dimensions |
24 cm. |
| 490 1# - SERIES STATEMENT |
| Series statement |
McGraw-Hill series in materials science |
| 505 00 - FORMATTED CONTENTS NOTE |
| Miscellaneous information |
1. |
| Title |
Overview of Mechanical Behavior -- |
| Miscellaneous information |
2. |
| Title |
Elastic Behavior -- |
| Miscellaneous information |
3. |
| Title |
Dislocations -- |
| Miscellaneous information |
4. |
| Title |
Plastic Deformation in Single and Polycrystalline Materials -- |
| Miscellaneous information |
5. |
| Title |
Strengthening of Crystalline Materials -- |
| Miscellaneous information |
6. |
| Title |
Composite Materials -- |
| Miscellaneous information |
7. |
| Title |
High-Temperature Deformation of Crystalline Materials -- |
| Miscellaneous information |
8. |
| Title |
Deformation of Noncrystalline Materials -- |
| Miscellaneous information |
9. |
| Title |
Fracture Mechanics -- |
| Miscellaneous information |
10. |
| Title |
Toughening Mechanisms and the Physics of Fracture -- |
| Miscellaneous information |
11. |
| Title |
High-Temperature Fracture -- |
| Miscellaneous information |
12. |
| Title |
Fatigue of Engineering Materials -- |
| Miscellaneous information |
13. |
| Title |
Embrittlement -- |
| Miscellaneous information |
14. |
| Title |
Cellular Solids. |
| 650 #0 - SUBJECT ADDED ENTRY--TOPICAL TERM |
| Topical term or geographic name entry element |
Materials |
| General subdivision |
Mechanical properties. |
| 830 #0 - SERIES ADDED ENTRY--UNIFORM TITLE |
| Uniform title |
McGraw-Hill series in materials science and engineering. |
| 900 ## - EQUIVALENCE OR CROSS-REFERENCE-PERSONAL NAME [LOCAL, CANADA] |
| Numeration |
TOC |
| 942 ## - ADDED ENTRY ELEMENTS (KOHA) |
| Source of classification or shelving scheme |
|
| Koha item type |
Book |